¿Cómo es tu mamá? (Record no. 202273)

MARC details
000 -CABECERA
campo de control de longitud fija 01001cam a2200325 u 4500
003 - IDENTIFICADOR DEL NÚMERO DE CONTROL
campo de control UPN
005 - FECHA Y HORA DE LA ÚLTIMA TRANSACCIÓN
campo de control 20240228064344.0
008 - ELEMENTOS DE LONGITUD FIJA--INFORMACIÓN GENERAL
campo de control de longitud fija 190408s2018 mx a ar 000 j spa d
020 ## - NÚMERO INTERNACIONAL NORMALIZADO PARA LIBROS
Número Internacional Estándar del Libro 9786076239223 (SEP)
020 ## - NÚMERO INTERNACIONAL NORMALIZADO PARA LIBROS
Número Internacional Estándar del Libro 9786071657053 (FCE)
035 ## - NÚMERO DE CONTROL DEL SISTEMA
Número de control de sistema UPN01000230178
040 ## - FUENTE DE LA CATALOGACIÓN
Centro catalogador/agencia de origen MX-MxUPN
Lengua de catalogación spa
Centro/agencia transcriptor MX-MxUPN
049 ## - COLECCIÓN
Colección I
050 #4 - SIGNATURA TOPOGRÁFICA DE LA BIBLIOTECA DEL CONGRESO
Número de clasificación PZ76.3
Número de documento/Ítem A583 2018
100 1# - ASIENTO PRINCIPAL--NOMBRE PERSONAL
Nombre de persona Alvarez, Rosanela
9 (RLIN) 35843
245 11 - MENCIÓN DE TÍTULO
Título ¿Cómo es tu mamá?
250 ## - MENCIÓN DE EDICIÓN
Mención de edición Primera edición
260 ## - PUBLICACIÓN, DISTRIBUCIÓN, ETC.
Lugar de publicación, distribución, etc. Ciudad de México :
Nombre del editor, distribuidor, etc. FCE :
-- SEP :
-- UNAM,
Fecha de publicación, distribución, etc. 2018.
300 ## - DESCRIPCIÓN FÍSICA
Extensión [23] páginas :
Otras características físicas ilustraciones a color
490 0# - MENCIÓN DE SERIE
Mención de serie Informativo
650 #4 - ASIENTO SECUNDARIO DE MATERIA - TERMINO TEMATICO
Término de materia o nombre geográfico como elemento de entrada Madres e hijos
Subdivisión de forma Literatura infantil
9 (RLIN) 12201
650 #7 - ASIENTO SECUNDARIO DE MATERIA - TERMINO TEMATICO
Término de materia o nombre geográfico como elemento de entrada Animales
Subdivisión de forma Literatura infantil
Fuente del encabezamiento o término
9 (RLIN) 1061
650 #7 - ASIENTO SECUNDARIO DE MATERIA - TERMINO TEMATICO
Término de materia o nombre geográfico como elemento de entrada Libros ilustrados para niños
9 (RLIN) 21365
650 #4 - ASIENTO SECUNDARIO DE MATERIA - TERMINO TEMATICO
Término de materia o nombre geográfico como elemento de entrada Libros y lectura para niños
9 (RLIN) 2290
700 1# - ASIENTO SECUNDARIO--NOMBRE DE PERSONAL
Código de función/relación ilustradora
9 (RLIN) 47330
Nombre de persona Muraki, Yasushi
902 ## - ELEMENTOS DE DATOS B LOCAL, LDB (RLIN)
Modificó VíctorGodínez/141122/M
905 ## - TIPO DE MATERIAL
Tipo de material Libro
942 ## - ELEMENTOS DE PUNTO DE ACCESO ADICIONAL (KOHA)
Fuente del sistema de clasificación o colocación Library of Congress Classification
Tipo de ítem Koha Libro
Holdings
Estado de retiro Estado de pérdida Fuente del sistema de clasificación o colocación Estado dañado No para préstamo Código de colección Localización permanente Ubicación/localización actual Ubicación en estantería Fecha de adquisición Clasificación Código de barras Fecha visto por última vez Tipo de ítem Koha
    Library of Congress Classification     Infantil Bib. Gregorio Torres Quintero Bib. Gregorio Torres Quintero Sala infantil Planta baja 14/11/2022 PZ76.3 A583 2018 330545 31/12/2020 Libro